10 x 10.

Shranjeno v:
Bibliografske podrobnosti
Drugi avtorji: Baird, Iona (Editor)
Format: Knjiga
Izdano: London, United Kingdom; Phaidon, 2000.
Izdaja:First published.
Teme:
Oznake: Označite
Brez oznak, prvi označite!

MARC

LEADER 00000nam a22000007a 4500
003 CL-VaPUC
005 20220824125023.0
008 220629b2000 ||||| |||| 00| 0 eng d
999 |c 436503  |d 436501 
020 |a 0714843792 
040 |c Pontificia Universidad Católica de Valparaíso 
082 0 4 |2 22  |a 724.6 BAI 2000 
100 1 |a Baird, Iona   |e editor  |9 871719 
245 1 0 |a 10 x 10. 
250 |a First published. 
260 |a London, United Kingdom;  |b Phaidon,  |c 2000. 
300 |a 468 páginas; ilustraciones. 
500 |a c.1 Donación Arquitecto Santiago Flores. Memo ARQ 09/2022. 03/06/2022. 
583 |c 20220629  |k Catalogador Asistente 
650 1 |a Arquitectura moderna  |y Siglo 20  |x Temas, motivos.  |9 874320 
650 1 |a Arquitectos   |y Siglo 20  |x Biografías  |9 874321 
942 |2 ddc  |c BK 
952 |0 0  |1 0  |2 ddc  |4 0  |6 724_600000000000000_BAI_2000  |7 0  |8 A  |9 584180  |a BIBARQ  |b BIBARQ  |c GEN  |d 2022-06-29  |e Donación  |i 5652331  |l 1  |o 724.6 BAI 2000  |p 5652331  |r 2025-01-20  |s 2022-10-06  |t 1  |w 2022-06-29  |y BK  |k ARQ